000 00522nam a2200181Ia 4500
999 _c21280
_d21280
003 OSt
005 20200629143110.0
008 190216s9999||||xx |||||||||||||| ||und||
020 _a9788180940347
040 _coclc
082 _a934.004948
_bIYE/A
100 _aIyengar, T R Sesha
_93324
245 0 _aThe Ancient Dravidians /
_cT R Sesha Iyengar
260 _bMjp Publishers,
_aChennai:
_c2007.
300 _a162p
650 _aHistory
942 _cBK
_2ddc
_h934.004948
_iIYE/A
_k934.004948
_mIYE/A